Giáo trình trí tuệ nhân tạo = Artificial Intelligence

Trình bày khái niệm về trí tuệ nhân tạo, các phương pháp tìm kiếm lời giải, các giải thuật tìm kiếm lời giải cho trò chơi.

Salvato in:
Dettagli Bibliografici
Autore principale: Phạm Thọ Hoàn
Altri autori: Phạm Thị Anh Lê
Natura: Libro
Lingua:Vietnamese
Pubblicazione: H. Đại học Sư phạm Hà Nội 2011
Soggetti:
Tags: Aggiungi Tag
Nessun Tag, puoi essere il primo ad aggiungerne! !
Thư viện lưu trữ: Thư viện Trường Đại học Nam Cần Thơ
LEADER 01067nam a22002057a 4500
001 NCT_93477
008 211127b xxu||||| |||| 00| 0 vie d
999 |c 4628  |d 4628 
082 0 4 |2 23rd ed.  |a 006.3  |b H406 
100 1 |a Phạm Thọ Hoàn 
245 1 0 |a Giáo trình trí tuệ nhân tạo =  |b Artificial Intelligence  |c Phạm Thọ Hoàn, Phạm Thị Anh Lê 
260 |a H.  |b Đại học Sư phạm Hà Nội  |c 2011 
300 |a 32 tr.  |b Minh họa  |c 21cm 
500 |a ĐTTS ghi: Trường Đại học Sư phạm. Khoa Công nghệ thông tin. 
520 3 |a Trình bày khái niệm về trí tuệ nhân tạo, các phương pháp tìm kiếm lời giải, các giải thuật tìm kiếm lời giải cho trò chơi. 
653 |a Công nghệ thông tin 
700 1 |a Phạm Thị Anh Lê 
942 |2 ddc  |c BK 
952 |0 0  |1 0  |2 ddc  |4 0  |6 006_300000000000000_H406  |7 0  |9 21761  |a 000001  |b 000001  |d 2021-11-27  |o 006.3 H406  |p MD.19136  |r 2021-11-27  |w 2021-11-27  |y BK 
980 |a Thư viện Trường Đại học Nam Cần Thơ